meilleurs scoreur Nba 2022-2023 - Statistiques

Statistiques générales
  • Ce quiz a été pris 1 411 fois
  • Le résultat moyen est 37 sur 50
Statistiques - réponses
PPM Franchise Réponse % Correct
28,9 Lakers Lebron James
99%
32,4 Mavericks Luka Doncic
98%
29,4 Warriors Stephen Curry
98%
30,1 Celtics Jayson Tatum
97%
33,1 Philapelphie Joel Embiid
97%
29,1 Suns Kevin Durant
96%
27,8 Suns Devin Booker
95%
32,2 Portland Damian Lillard
94%
26,2 Grizzlies Ja Morant
94%
26,2 Hawks Trae Young
94%
25,9 Lakers Anthony Davis
93%
26,6 Celtics Jaylen Brown
93%
28,3 Cavaliers Donovan Mitchell
92%
31,4 Thunder Shai Gilgeous Alexander
91%
24,5 Nuggets Nikola Jokic
90%
31,1 Milwaukee Giannis Antetokounmpo
88%
27,1 Mavericks Kyrie Irving
88%
25 Kings De'Aaron Fox
86%
22,9 Heat Jimmy Butler
86%
24,8 Bulls Zach LaVine
86%
23,8 Clippers Kawhi Leonard
85%
24,6 Minnesota Anthony Edwards
84%
23,8 Clippers Paul George
84%
24 Knicks Jalen Brunson
82%
24,5 Bulls Demar DeRozan
81%
21,9 Warriors Klay Thompson
81%
21 Philadelphie James Harden
77%
25,1 Knicks Julius Randle
75%
24,7 Pelicans Brandon Ingram
73%
23,2 Washington Bradley Beal
72%
25,6 Utah Lauri Markkanen
72%
24,2 Raptors Pascal Siakam
69%
22,1 Rockets Jalen Green
68%
21,6 Cavaliers Darius Garland
66%
20,4 Heat Bam Adebayo
64%
20,7 Pacers Tyrese Haliburton
64%
20,4 Warriors Jordan Poole
62%
20;3 Philadelphie Tyrese Maxey
62%
21,2 Washington Kyle Kuzma
58%
20,5 Hawks Dejounte Murray
57%
20,9 Pelicans CJ McCollum
51%
21,5 Grizzlies Desmond Bane
51%
23,2 Washington Kristaps Porzingis
47%
22 Spurs Keldon Johnson
39%
20,8 Utah Jordan Clarkson
36%
21,1 Hornets Terry Rozier
35%
21,1 Portland Anfernee Simons
34%
20,5 Portland Jerami Grant
29%
21,6 Pistons Bojan Bogdanovic
28%
20,2 Hornets Kelly Oubre Jr
11%
Aucun quiz correspondant
Distribution des résultats
% des personnes avec chaque résultat
Percentile par nombre de réponses
Votre historique - résultats
Vous n’avez pas pris ce quiz